[Event "GER-chT U14"]
[Site "Magdeburg"]
[Date "2019.12.29"]
[Round "6.5"]
[White "Rennkamp, David"]
[Black "Lautenschlaeger, Friedrich"]
[Result "0-1"]
[WhiteElo "1395"]
[BlackElo "1519"]
[PlyCount "78"]
[EventDate "2019.12.27"]
[EventType "team-swiss"]
[EventRounds "7"]
[EventCountry "GER"]
[SourceTitle "CBM 194 Extra"]
[Source "ChessBase"]
[SourceDate "2020.03.31"]
[SourceVersion "1"]
[SourceVersionDate "2020.03.31"]
[SourceQuality "1"]
[WhiteTeam "Lueneburg Turm"]
[BlackTeam "Anhalt"]
[WhiteTeamCountry "GER"]
[BlackTeamCountry "GER"]

1. e4 e5 2. Nf3 Nc6 3. Bc4 Bc5 4. 0-0 Nf6 5. d3 d6 6. c3 0-0 7. b4 Bb6 8. a4 a6 9. a5 Ba7 10. Be3 Be6 11. Nbd2 Ne7 12. Qc2 Ng6 13. Rfe1 Nh5 14. Nf1 Nhf4 15. Bxa7 Rxa7 16. Ne3 Nh4 17. Nxh4 Qxh4 18. Nd5 Nxg2 19. Kxg2 Qh3+ 20. Kg1 Qg4+ 21. Kh1 Qf3+ 22. Kg1 Bh3 23. Ne3 g5 24. Qe2 g4 25. Bb3 Kh8 26. Qxf3 gxf3 27. Kh1 Rg8 28. Rg1 Raa8 29. Rxg8+ Rxg8 30. Rg1 Rg7 31. Bd1 f6 32. Rxg7 Kxg7 33. Bxf3 Kg6 34. Nf5 Bf1 35. d4 h6 36. h4 Bc4 37. Kg2 Bb3 38. Kh3 Be6 39. Kg3 c6 0-1

[Event "GER-chT U14"]
[Site "Magdeburg"]
[Date "2018.12.28"]
[Round "4.3"]
[White "Kogan, Gabriel"]
[Black "Lautenschlaeger, Friedrich"]
[Result "1/2-1/2"]
[WhiteElo "1536"]
[BlackElo "1364"]
[PlyCount "67"]
[EventDate "2018.12.27"]
[EventType "team-swiss"]
[EventRounds "7"]
[EventCountry "GER"]
[SourceTitle "CBM 188 Extra"]
[Source "ChessBase"]
[SourceDate "2019.02.26"]
[SourceVersion "1"]
[SourceVersionDate "2019.02.26"]
[SourceQuality "1"]
[WhiteTeam "Porz SG"]
[BlackTeam "Anhalt"]
[WhiteTeamCountry "GER"]
[BlackTeamCountry "GER"]

1. e4 e5 2. Nf3 Nc6 3. Bc4 Bc5 4. c3 Nf6 5. d3 0-0 6. a4 a6 7. b4 Ba7 8. 0-0 d6 9. Be3 Bxe3 10. fxe3 Bg4 11. Nbd2 Ne7 12. Qb3 Qd7 13. Qc2 c6 14. d4 Ng6 15. Rad1 b5 16. Bb3 Qe7 17. h3 Be6 18. Bxe6 Qxe6 19. a5 Nd7 20. d5 cxd5 21. exd5 Qe7 22. Qf5 Nf6 23. Ne4 Nxe4 24. Qxe4 f5 25. Qc2 e4 26. Nd4 Qg5 27. Qe2 Rf7 28. Ne6 Qf6 29. Nd4 Ne7 30. Qd2 g6 31. Ne6 Rc8 32. Rc1 Qe5 33. Rfd1 Rc4 34. Qc2 1/2-1/2

[Event "GER-chT U14"]
[Site "Magdeburg"]
[Date "2018.12.27"]
[Round "1.3"]
[White "Schroeder, Lennart"]
[Black "Lautenschlaeger, Friedrich"]
[Result "1-0"]
[WhiteElo "1762"]
[BlackElo "1364"]
[PlyCount "111"]
[EventDate "2018.12.27"]
[EventType "team-swiss"]
[EventRounds "7"]
[EventCountry "GER"]
[SourceTitle "CBM 188 Extra"]
[Source "ChessBase"]
[SourceDate "2019.02.26"]
[SourceVersion "1"]
[SourceVersionDate "2019.02.26"]
[SourceQuality "1"]
[WhiteTeam "Muenster"]
[BlackTeam "Anhalt"]
[WhiteTeamCountry "GER"]
[BlackTeamCountry "GER"]

1. d4 d5 2. Nf3 Nf6 3. c4 c6 4. Qc2 Bg4 5. Ne5 e6 6. Nd2 Bf5 7. Qb3 Qc7 8. g3 Nbd7 9. Ndf3 Be4 10. Bf4 Bd6 11. Nxd7 Qxd7 12. Bxd6 Qxd6 13. c5 Qc7 14. Bg2 Qa5+ 15. Qc3 Qxc3+ 16. bxc3 0-0 17. 0-0 Nd7 18. Nd2 Bxg2 19. Kxg2 Rfe8 20. e3 e5 21. Nb3 e4 22. Na5 b6 23. cxb6 axb6 24. Nxc6 Rac8 25. Nb4 Nf6 26. Rfc1 Rc4 27. a4 h6 28. a5 bxa5 29. Rxa5 Rd8 30. Kf1 Kf8 31. Ke2 Ke7 32. Kd2 Ke6 33. h3 Rdc8 34. g4 g6 35. Rc2 g5 36. Ra7 R8c7 37. Ra6+ Ke7 38. Rxf6 Kxf6 39. Nxd5+ Ke6 40. Nxc7+ Rxc7 41. c4 Kd6 42. Kc3 Kc6 43. Ra2 Kb6 44. Kb4 Rb7 45. c5+ Kc6+ 46. Kc4 Re7 47. Ra6+ Kb7 48. Rxh6 Re6 49. Rxe6 fxe6 50. d5 exd5+ 51. Kxd5 Kc7 52. Kxe4 Kc6 53. Kf5 Kxc5 54. Kxg5 Kd5 55. Kf5 Kd6 56. Kf6 1-0